Górale w Polsce - Statystyki

Ogólne statystyki
  • Ten quiz został rozwiązany 43 razy
  • Średni wynik to 7 z 12
Statystyki odpowiedzi
Obrazkowy Odpowiedź % Poprawnych
Podhalańscy
91%
Pienińscy
78%
Orawscy
70%
Spiscy
61%
Żywieccy
61%
Śląscy
57%
Sądeccy
48%
Zagórzańscy
48%
Kliszczaccy
43%
Babiogórscy
39%
Ochotniccy
35%
Nadpopradzcy
30%
Nie znaleziono quizów pasujących do podanych kryteriów
Rozkład punktacji
Procent ludzi z każdym wynikiem
Percentyl według liczby udzielonych odpowiedzi
Twoja historia wyników
Nie rozwiązałeś tego quizu